书目信息 |
| 题名: |
国际工程合同与合同管理
|
|
| 作者: | 何伯森 主编 | |
| 分册: | ||
| 出版信息: | 中国建筑 1999.09 |
|
| 页数: | 327页 | |
| 开本: | 20cm | |
| 丛书名: | ||
| 单 册: | ||
| 中图分类: | D997.1 | |
| 科图分类: | ||
| 主题词: | 国际法 | |
| 电子资源: | ||
| ISBN: | 978-7-112-03918-0 | |
| 000 | 00613nam0 2200229 45 | |
| 001 | 0935848552 | |
| 005 | 20091013095914.17 | |
| 010 | @a978-7-112-03918-0@dCNY29.00 | |
| 100 | @a20090515d1999 ekmy0 y0120 ea | |
| 102 | @aCN@b130000 | |
| 102 | @aCN@b110000 | |
| 105 | @ay z 000yy | |
| 200 | 1 | @a国际工程合同与合同管理@f何伯森主编@Fhe bo sen zhu bian |
| 210 | @c中国建筑@d1999.09 | |
| 210 | @a北京@c中国建筑工业出版社 | |
| 215 | @a327页@d20cm | |
| 606 | 0 | @a国际法 |
| 690 | @aD997.1@v4 | |
| 701 | 0 | @a何伯森@Ahe bo sen@4主编 |
| 801 | 0 | @aCN@c20091013 |
| 905 | @a10447@dD997.1@eH751 | |
| 906 | @d29@n2@r1 | |
| 国际工程合同与合同管理/何伯森主编.-中国建筑,1999.09.-北京:中国建筑工业出版社 |
| 327页;20cm |
| ISBN 978-7-112-03918-0:CNY29.00 |
| ● |
| 相关链接 |
|
|
|
正题名:国际工程合同与合同管理
索取号:D997.1/H751
 
预约/预借
| 序号 | 登录号 | 条形码 | 馆藏地/架位号 | 状态 | 备注 |
| 1 | 891518 | 208915183 | 社科库509/509社科库 81排6列4层/ [索取号:D997.1/H751] | 在馆 | |
| 2 | 891519 | 208915192 | 社科库509/509社科库 81排6列4层/ [索取号:D997.1/H751] | 在馆 |